Sports Quiz

Random Sports or MLB Quiz

MLB award voting 2010 Quiz Stats

 Plays Quiz not verified by Sporcle

Score 0/48 Timer 10:00
0 Plays Today
% Correct
Albert Pujols
85.7%
Albert Pujols
85.7%
Josh Hamilton
84.4%
Roy Halladay
84.4%
Derek Jeter
81.8%
Joey Votto
79.2%
Felix Hernandez
76.6%
Miguel Cabrera
75.3%
Robinson Cano
75.3%
Carlos Gonzalez
75.3%
Robinson Cano
75.3%
Carlos Gonzalez
75.3%
Adrian Gonzalez
74%
CC Sabathia
70.1%
Joe Mauer
70.1%
David Price
66.2%
Buster Posey
66.2%
Ichiro Suzuki
62.3%
Mark Teixeira
59.7%
Jason Heyward
59.7%
Adam Wainwright
54.5%
Yadier Molina
53.2%
Mark Buehrle
51.9%
Evan Longoria
51.9%
% Correct
Troy Tulowitzki
50.6%
Troy Tulowitzki
50.6%
Neftali Feliz
50.6%
Jose Bautista
48.1%
Josh Johnson
48.1%
Scott Rolen
46.8%
Ubaldo Jimenez
42.9%
Carl Crawford
40.3%
Paul Konerko
37.7%
Jon Lester
37.7%
Austin Jackson
37.7%
Tim Hudson
36.4%
Brandon Phillips
35.1%
Shane Victorino
32.5%
Wade Davis
29.9%
Jamie Garcia
24.7%
Jered Weaver
23.4%
Franklin Gutierrez
23.4%
Bronson Arroyo
20.8%
Gaby Sanchez
20.8%
Michael Bourne
14.3%
Neil Walker
10.4%
John Jaso
9.1%
Danny Valencia
6.5%

You're not logged in!

Compare scores with friends on all Sporcle quizzes.
OR
Log In

Show Comments

Extras

Top Quizzes Today


Score Distribution

Your Account Isn't Verified!

In order to create a playlist on Sporcle, you need to verify the email address you used during registration. Go to your Sporcle Settings to finish the process.

Report this User

Report this user for behavior that violates our Community Guidelines.

Details: